000 00485nam a2200157Ia 4500
008 210716s2009 xx 000 0 und d
020 _a9780387279343
041 _aeng
082 _a005.82 BAIT
100 _aBaigneres, Thomas; Junod, Pascal; Lu, Yi; Monnerat, Jean; Vaudenay, Serge.
245 _aClassical introduction to cryptography exercise book.
250 _a1
260 _aNew Delhi
_bSpringer
_c2009
300 _axi,254
650 _aCryptography-Data encryption(005.82)
999 _c190398
_d190398